MIKROS C-JAZYK Standartní knihovna

Salvato in:
Dettagli Bibliografici
Autore principale: Otte, Vilém
Altri autori: Šlachta, Dušan
Natura: Libro
Lingua:ceco
Pubblicazione: Ostrava Kanc. stroje 1985
Edizione:2. nezměn. vyd.
Tags: Aggiungi Tag
Nessun Tag, puoi essere il primo ad aggiungerne!!

MARC

LEADER 00000nam a2200000 4500
001 c031336
005 20221220075748.5
041 0 |a cze 
044 |a CZ 
245 1 0 |a MIKROS C-JAZYK  |b Standartní knihovna  |c Vilém Otte, Dušan Šlachta 
250 |a 2. nezměn. vyd. 
264 1 |a Ostrava  |b Kanc. stroje  |c 1985 
300 |a 119 s. 
100 1 |a Otte, Vilém 
700 1 |a Šlachta, Dušan